O Sr. Tompkins no país das maravilhas (Record no. 45451)

MARC details
000 -Etiqueta do registo
Valores 00649cam a22002051 4500
100 ## - Dados gerais de processamento
Dados gerais 19931218d1944 m y0pory5003 ba
101 1# - Língua de publicação
Língua por
102 ## - País de publicação
País PT
200 1# - Titulo e menção de responsabilidade
Título próprio O Sr. Tompkins no país das maravilhas
Primeira menção de responsabilidade G. Gamow
Outras menções de responsabilidade trad. A. Sá da Costa
210 #9 - Publicação
Local de publicação Lisboa
Nome do editor Edições Cosmos,
Data de publicação 1944
215 ## - Descrição física 
Paginação / Volumes 120, [5] p.
Dimensões 19 cm
225 2# - Colecção 
Título próprio da colecção Biblioteca Cosmos
Indicação de volume 14
Número de parte ou secção 1.ª secção
Indicação de volume 5.
Nome de parte ou secção Ciências e Técnicas. Matemática e cosmologia
532 12 -
Título desenvolvido ˆO ‰Senhor Tompkins no país das maravilhas
675 ## - CDU
Notação 53
700 #1 - Autor principal
Apelido Gamow,
Nome George,
Datas 1904-1968
702 #1 - Autor secundário
Apelido Costa,
Nome A. Sá da
Função 730
801 #0 - Fonte de origem
País PT
Agência BN
Regras de catalogação RPC
990 ## - Elementos KOHA
Tipo de documento Livro
Holdings
Aquisição Empréstimo Código de barras Cota Permissão de empréstimo Tipo de documento Nota relativa ao exemplar
Biblioteca Municipal de Redondo Biblioteca Municipal de Redondo 056170 53 GAM Consulta presencial Livro oferta de Vergílio Ambrósio

Powered by Koha